000 00419cam a22001337a 4500
008 180718b1963 xxu||||| |||| 00| 0 eng d
082 _aY1503x5421 M295
100 _aMalik, P.L.
245 _aUttar Pradesh revenue code
_cby P.L. Malik
260 _aLucknow
_bEastern
_c1963
300 _av.p.
650 _aReal property tax --India --Uttar Pradesh
650 _aLand tenure --Law and legislation --India --Uttar Pradesh
999 _c372789
_d372789